<?xml version="1.0" encoding="UTF-8"?>
<record
    xmlns:xsi="http://www.w3.org/2001/XMLSchema-instance"
    xsi:schemaLocation="http://www.loc.gov/MARC21/slim http://www.loc.gov/standards/marcxml/schema/MARC21slim.xsd"
    xmlns="http://www.loc.gov/MARC21/slim">

  <leader>01115nam a2200241Ia 4500</leader>
  <controlfield tag="003">OSt</controlfield>
  <controlfield tag="005">20200908153559.0</controlfield>
  <controlfield tag="008">191128s1980    ck     fr     000 0 spa d</controlfield>
  <datafield tag="040" ind1=" " ind2=" ">
    <subfield code="a">CO-JMCR</subfield>
    <subfield code="c">CO-JMCR</subfield>
  </datafield>
  <datafield tag="041" ind1="0" ind2=" ">
    <subfield code="a">spa</subfield>
  </datafield>
  <datafield tag="082" ind1="0" ind2="4">
    <subfield code="a">363.4509861 /</subfield>
    <subfield code="b">L879e</subfield>
    <subfield code="2">23</subfield>
  </datafield>
  <datafield tag="100" ind1="1" ind2=" ">
    <subfield code="a">Losada Posada, Benjam&#xED;n, </subfield>
    <subfield code="e">autor</subfield>
    <subfield code="9">9973</subfield>
  </datafield>
  <datafield tag="245" ind1="1" ind2="0">
    <subfield code="a">Econom&#xED;a subterr&#xE1;nea : </subfield>
    <subfield code="b">o el imperio del contra-derecho en Colombia / </subfield>
    <subfield code="c">Benjam&#xED;n Losada Posada ; edici&#xF3;n dirigida por Humberto Castillo Valencia</subfield>
  </datafield>
  <datafield tag="260" ind1=" " ind2=" ">
    <subfield code="a">Bogot&#xE1; : </subfield>
    <subfield code="b">Tipograf&#xED;a Praga, </subfield>
    <subfield code="c">[1980?]</subfield>
  </datafield>
  <datafield tag="300" ind1=" " ind2=" ">
    <subfield code="a">212 p&#xE1;ginas ; </subfield>
    <subfield code="c">16 cm.</subfield>
  </datafield>
  <datafield tag="505" ind1="0" ind2=" ">
    <subfield code="a">Legalizaci&#xF3;n o herbicidas -- Wall Street de la droga -- Atenci&#xF3;n: incautado valioso matute -- Esmeralda que te quiero -- La quinta parte del dinero en circulaci&#xF3;n es de origen ilegal -- Una banca subdesarrollada -- Bienvenidos al torneo de las tasas</subfield>
  </datafield>
  <datafield tag="650" ind1="1" ind2="4">
    <subfield code="a">Econom&#xED;a subterr&#xE1;nea </subfield>
    <subfield code="z">Colombia </subfield>
    <subfield code="9">9974</subfield>
  </datafield>
  <datafield tag="650" ind1="1" ind2="4">
    <subfield code="a">Narc&#xF3;ticos </subfield>
    <subfield code="z">Colombia </subfield>
    <subfield code="9">9975</subfield>
  </datafield>
  <datafield tag="650" ind1="1" ind2="4">
    <subfield code="a">Mafia</subfield>
    <subfield code="z">Colombia </subfield>
    <subfield code="9">9976</subfield>
  </datafield>
  <datafield tag="651" ind1=" " ind2="4">
    <subfield code="a">Colombia</subfield>
    <subfield code="z">Condiciones econ&#xF3;micas</subfield>
    <subfield code="9">9977</subfield>
  </datafield>
  <datafield tag="700" ind1="1" ind2=" ">
    <subfield code="a">Castillo Valencia, Humberto, </subfield>
    <subfield code="e">editor</subfield>
    <subfield code="9">9978</subfield>
  </datafield>
  <datafield tag="942" ind1=" " ind2=" ">
    <subfield code="2">ddc</subfield>
    <subfield code="c">BK</subfield>
  </datafield>
  <datafield tag="999" ind1=" " ind2=" ">
    <subfield code="c">5696</subfield>
    <subfield code="d">5696</subfield>
  </datafield>
  <datafield tag="952" ind1=" " ind2=" ">
    <subfield code="0">0</subfield>
    <subfield code="1">0</subfield>
    <subfield code="2">ddc</subfield>
    <subfield code="4">0</subfield>
    <subfield code="7">0</subfield>
    <subfield code="8">NFIC</subfield>
    <subfield code="a">CPL</subfield>
    <subfield code="b">CPL</subfield>
    <subfield code="d">2018-04-15</subfield>
    <subfield code="e">Donaci&#xF3;n</subfield>
    <subfield code="l">1</subfield>
    <subfield code="o">363.4509861 / L879e </subfield>
    <subfield code="p">430003922</subfield>
    <subfield code="r">2024-06-13 13:27:53</subfield>
    <subfield code="s">2024-06-13</subfield>
    <subfield code="t">Ej.1</subfield>
    <subfield code="y">BK</subfield>
  </datafield>
</record>
